Lord Of The Rings (EASY FOR GEEKS) - Statistics

General Stats
  • This quiz has been taken 322 times
  • The average score is 14 of 15
Answer Stats
HINTS THAT I MADE! ANSWERS THAT I MADE! % Correct
HOBBIT FRODO
99%
HOBBIT SAM
99%
DARK LORD SAURON
99%
ELF LEGOLAS
98%
HOBBIT PIPPIN
98%
WIZARD GANDALF
97%
HOBBIT MERRY
97%
RANGER ARAGORN
96%
DWARF GIMLI
96%
HOBBIT BILBO
94%
KING OF ROHAN THEODEN
87%
PRINCE OF GONDOR FARAMIR
86%
THE PONY BILL
83%
IDIOT HOO TRYED TO KILL FRODO BOROMIR
78%
EVIL ELVES ORCS
74%
No matching quizzes found
Score Distribution
Percent of People with Each Score
Percentile by Number Answered
Your Score History
You have not taken this quiz